Traité d'Analyse / (Record no. 118959)
[ view plain ]
| 000 -LEADER | |
|---|---|
| campo de control de longitud fija | 00641nam a2200205 4500 |
| 001 - NÚMERO DE CONTROL | |
| campo de control | 118959 |
| 003 - IDENTIFICADOR DE NÚMERO DE CONTROL | |
| campo de control | ES-MaACL |
| 007 - CAMPO FIJO DE DESCRIPCIÓN FÍSICA--INFORMACIÓN GENERAL | |
| campo de control de longitud fija | t| |
| 008 - DATOS DE LONGITUD FIJA--INFORMACIÓN GENERAL | |
| campo de control de longitud fija | 070214m19011908sp r ||||1| spa d |
| 100 1# - ENTRADA PRINCIPAL--NOMBRE DE PERSONA | |
| Nombre de persona | Picard, Emile. |
| 9 (RLIN) | 91773 |
| 245 10 - MENCIÓN DEL TÍTULO | |
| Título | Traité d'Analyse / |
| Mención de responsabilidad, etc. | par Emile Picard. |
| 250 ## - MENCION DE EDICION | |
| Mención de edición | 2e éd. |
| 260 ## - PUBLICACIÓN, DISTRIBUCIÓN, ETC. | |
| Lugar de publicación, distribución, etc. | Paris : |
| Nombre del editor, distribuidor, etc. | Gauthier-Villars, |
| Fecha de publicación, distribución, etc. | 1901-1908. |
| 300 ## - DESCRIPCIÓN FÍSICA | |
| Extensión | 3 v. : |
| Otras características físicas | il. ; |
| Dimensiones | 25 cm. |
| 490 1# - MENCIÓN DE SERIE | |
| Mención de serie | Cours de la Faculté des Sciences de Paris |
| 710 2# - ENTRADA AGREGADA--NOMBRE DE ENTIDAD CORPORATIVA | |
| Nombre de entidad corporativa o nombre de jurisdicción como elemento de entrada | Université de París. |
| Unidad subordinada | Faculté des Sciences. |
| 9 (RLIN) | 7486 |
| 830 0# - PUNTO DE ACCESO ADICIONAL DE SERIE-TÍTULO UNIFORME | |
| Título uniforme | Cours de la Faculté des Sciences de Paris |
| 9 (RLIN) | 188388 |
| 852 ## - LOCALIZACIÓN | |
| Ubicación | ES-MaACL |
| Número de control de estantería | G-14052-4 |
| Estatus retirado | Estado de pérdida | Estado de daño | No para préstamo | Biblioteca de origen | Biblioteca actual | Ubicación en estantería | Fecha de adquisición | Fuente de adquisición | Total de préstamos | Signatura topográfica completa | Código de barras | Visto por última vez | Precio de reemplazo | Tipo de ítem Koha |
|---|---|---|---|---|---|---|---|---|---|---|---|---|---|---|
| Biblioteca del Ateneo de Madrid | Biblioteca del Ateneo de Madrid | Sala Pecera Planta 3 | 17/01/2008 | G-14052-4 | 1124014 | 23/02/2023 | 23/02/2023 | Libro impreso antiguo |
